When hell was in session / (Record no. 354797)
[ view plain ]
| 000 -LEADER | |
|---|---|
| fixed length control field | 00299nam a2200109Ia 4500 |
| 008 - FIXED-LENGTH DATA ELEMENTS--GENERAL INFORMATION | |
| fixed length control field | 180205s9999 xx 000 0 und d |
| 020 ## - INTERNATIONAL STANDARD BOOK NUMBER | |
| International Standard Book Number | 935280006 |
| 100 ## - MAIN ENTRY--PERSONAL NAME | |
| Personal name | Denton, Jeremiah A. |
| 245 ## - TITLE STATEMENT | |
| Title | When hell was in session / |
| 260 ## - PUBLICATION, DISTRIBUTION, ETC. (IMPRINT) | |
| Place of publication, distribution, etc | USA |
| Name of publisher, distributor, etc | Library of congress cataloging |
| Date of publication, distribution, etc | 1982 |
| 300 ## - PHYSICAL DESCRIPTION | |
| Extent | 181 pages |
| Withdrawn status | Lost status | Source of classification or shelving scheme | Damaged status | Home library | Current library | Shelving location | Date acquired | Source of acquisition | Total Checkouts | Full call number | Barcode | Date last seen | Price effective from | Koha item type |
|---|---|---|---|---|---|---|---|---|---|---|---|---|---|---|
| Library of Congress Classification | Archives | Archives | 02/05/2018 | Donation | DS 559.4 .D415 1982 | C0720 | 05/15/2018 | 02/05/2018 | Books |